000 00500nam a2200193 a 4500
001 1770460530550
003 YourLibrary
005 20260207160836.0
008 260207s2010##################000#0#eng##
020 _a9780521193986
082 0 4 _a306.362
_bKLE
100 1 _aKlein, Herbert S.,
_eauthor.
245 1 0 _aSlavery in Brazil :
260 _bCambridge University Press,
_c2010.
300 _a377 pages
650 0 _aHistory.
942 _cENGLISH
040 _aYourLibrary
_beng
_cYourLibrary
999 _c611251
_d611251